000 01188cam a2200277 i 4500
003 SA-RiAUC
005 20241116112350.0
008 241107s2002 su g 000 0dara c
040 _aSA-JeALM
_bara
_cSA-RiAUC
_erda
082 0 4 _a214.3
090 _a214.3
_bط و ي
100 1 _aالطويرقي، نوال سعد مساعد
_eمؤلف.
245 1 2 _aالعلاقات الإنسانية في السيرة النبوية وتطبيقاتها في الإدارة المدرسية /
_cنوال سعد مساعد الطويرقي.
250 _aالطبعة الأولى.
264 1 _aجدة، السعودية :
_bدار الأندلس الخضراء،
_c2002
300 _a276 صفحة ؛
_c24 سم
336 _aنص
_btxt
_2rdacontent
_3كتاب
337 _aبدون وسيط
_bn
_2rdamedia
338 _aمجلد
_bnc
_2rdacarrier
600 0 7 _aمحمد (صلى الله عليه وسلم)،
_d53 قبل الهجرة-11 هجري
_2aucnm
650 7 _aإدارة وتنظيم المدارس
_2aucsh
650 7 _aالتربية الإسلامية
_2aucsh
650 7 _aالسيرة النبوية
_2aucsh
942 _2ddc
_cBOOK
_n0
949 _aSA-JeALM
_d241107
_umohamedma123
_n1
999 _c2409
_d2409